Logos de la suite Adobe - Statistiques

Statistiques générales
  • Ce quiz a été pris 119 fois
  • Le résultat moyen est 6 sur 14
Statistiques - réponses
Par images Réponse % Correct
Photoshop
99%
After effects
83%
Lightroom
82%
Premiere Pro
80%
Illustrator
75%
Indesign
67%
Audition
31%
Bridge
23%
Media encoder
23%
Dreamweaver
16%
Flash
13%
Fireworks
5%
Encore
4%
Speedgrade
2%
Aucun quiz correspondant
Distribution des résultats
% des personnes avec chaque résultat
Percentile par nombre de réponses
Votre historique - résultats
Vous n’avez pas pris ce quiz